Ładuje się......
Nathan Der Weise
| 1. autor: | |
|---|---|
| Format: | Printed Book |
| Wydane: |
London
Macmillan
1962
|
| LEADER | 00365nam a22001217a 4500 | ||
|---|---|---|---|
| 082 | |a 832.6 |b LES | ||
| 100 | |a Lessing | ||
| 245 | |a Nathan Der Weise | ||
| 246 | |a Nathan the wise | ||
| 260 | |a London |b Macmillan |c 1962 | ||
| 942 | |c BK | ||
| 999 | |c 309794 |d 309794 | ||
| 952 | |0 0 |1 0 |4 0 |6 832_600000000000000_LES |7 0 |9 331170 |a GER |b GER |d 2020-11-11 |l 0 |o 832.6 LES |p GER1545 |r 2020-11-11 |w 2020-11-11 |y BK | ||